[Event "Santa Catarina State-ch sf1 61st"]
[Site "Sao Bento do Sul"]
[Date "2015.03.08"]
[Round "6"]
[White "Gotz, Klaus Seiji Furucho"]
[Black "Librelato, Kathie Goulart"]
[Result "1-0"]
[WhiteElo "2217"]
[BlackElo "1827"]
[PlyCount "71"]
[EventDate "2015.03.06"]
[EventType "swiss"]
[EventRounds "6"]
[EventCountry "BRA"]
[SourceTitle "EXT 2016"]
[Source "ChessBase"]
[SourceDate "2015.10.08"]
[SourceVersion "1"]
[SourceVersionDate "2015.10.08"]
[SourceQuality "1"]

1. d4 Nf6 2. c4 g6 3. Nc3 Bg7 4. e4 d6 5. Be2 0-0 6. Bg5 h6 7. Be3 e5 8. d5 a5 9. g4 Na6 10. h4 Nc5 11. f3 Ne8 12. Qd2 Kh7 13. h5 g5 14. Nh3 Bf6 15. Nf2 Bd7 16. 0-0 a4 17. Rab1 c6 18. b4 axb3 19. axb3 Qc7 20. b4 Na6 21. Ra1 Ng7 22. Nd3 Rfc8 23. Rfc1 Ne8 24. Na4 c5 25. bxc5 Nxc5 26. Naxc5 dxc5 27. Nxc5 Be7 28. Rxa8 Rxa8 29. Nxd7 Qxd7 30. c5 Qa4 31. Kf2 Nf6 32. Qb2 Nd7 33. Qxb7 Rb8 34. Qa6 Qb4 35. d6 Bf6 36. c6 1-0

[Event "Santa Catarina State-ch sf1 61st"]
[Site "Sao Bento do Sul"]
[Date "2015.03.07"]
[Round "3"]
[White "Cordioli, Jairo Ribeiro"]
[Black "Gotz, Klaus Seiji Furucho"]
[Result "0-1"]
[WhiteElo "1939"]
[BlackElo "2217"]
[PlyCount "72"]
[EventDate "2015.03.06"]
[EventType "swiss"]
[EventRounds "6"]
[EventCountry "BRA"]
[SourceTitle "EXT 2016"]
[Source "ChessBase"]
[SourceDate "2015.10.08"]
[SourceVersion "1"]
[SourceVersionDate "2015.10.08"]
[SourceQuality "1"]

1. d4 Nf6 2. c4 g6 3. Nc3 Bg7 4. e4 d6 5. f3 0-0 6. Be3 Nbd7 7. Bd3 c5 8. Nge2 a6 9. Qd2 Qa5 10. Nd5 Qxd2+ 11. Kxd2 Nxd5 12. exd5 cxd4 13. Bxd4 Ne5 14. f4 Nxd3 15. Kxd3 b5 16. b3 bxc4+ 17. bxc4 Bf5+ 18. Kc3 Rfc8 19. Bxg7 Kxg7 20. Ng3 Bd7 21. Kd4 Rc7 22. Rhc1 Rac8 23. Rc3 a5 24. Nf1 Bb5 25. Rac1 Ba6 26. Ne3 Rc5 27. g4 e6 28. h4 h6 29. g5 hxg5 30. hxg5 Rh8 31. Ng4 Rh4 32. Rg1 Bc8 33. Nf6 Rxf4+ 34. Ke3 Rh4 35. Ne8+ Kf8 36. Nxd6 exd5 0-1

[Event "Santa Catarina State-ch sf1 61st"]
[Site "Sao Bento do Sul"]
[Date "2015.03.06"]
[Round "1"]
[White "Da Silva Junior, Marco Aurelio"]
[Black "Gotz, Klaus Seiji Furucho"]
[Result "0-1"]
[WhiteElo "1538"]
[BlackElo "2217"]
[PlyCount "62"]
[EventDate "2015.03.06"]
[EventType "swiss"]
[EventRounds "6"]
[EventCountry "BRA"]
[SourceTitle "EXT 2016"]
[Source "ChessBase"]
[SourceDate "2015.10.08"]
[SourceVersion "1"]
[SourceVersionDate "2015.10.08"]
[SourceQuality "1"]

1. Nf3 Nf6 2. g3 g6 3. Bg2 Bg7 4. 0-0 0-0 5. d4 d6 6. b3 Nc6 7. Bb2 e5 8. dxe5 Ng4 9. Nd4 Nxd4 10. Bxd4 Nxe5 11. Nd2 c5 12. Bxe5 Bxe5 13. Rc1 d5 14. e3 Bf5 15. e4 dxe4 16. Nxe4 Qc7 17. Qd5 b6 18. Ng5 Rad8 19. Qc4 Rd4 20. Qe2 Bf6 21. Nf3 Rd7 22. Rfe1 Re7 23. Qd2 Rd8 24. Rxe7 Qxe7 25. Qf4 h5 26. h4 Qe2 27. Bf1 Rd1 28. Rxd1 Qxd1 29. Qb8+ Kg7 30. Nh2 Qxc2 31. Qxa7 Bd4 0-1

[Event "Paulista-chTA"]
[Site "Sao Paulo"]
[Date "2015.03.01"]
[Round "4.2"]
[White "Dohani, Tales Ogusko"]
[Black "Gotz, Klaus Seiji Furucho"]
[Result "1/2-1/2"]
[WhiteElo "2080"]
[BlackElo "2152"]
[PlyCount "124"]
[EventDate "2015.02.28"]
[EventType "team-tourn"]
[EventRounds "7"]
[EventCountry "BRA"]
[SourceTitle "EXT 2017"]
[Source "ChessBase"]
[SourceDate "2016.10.25"]
[SourceVersion "1"]
[SourceVersionDate "2016.10.25"]
[SourceQuality "1"]
[WhiteTeam "Circulo Militar II"]
[BlackTeam "Sao Jose CDR S"]
[WhiteTeamCountry "BRA"]
[BlackTeamCountry "BRA"]

1. d4 Nf6 2. Nf3 g6 3. c4 Bg7 4. Nc3 0-0 5. Bf4 c5 6. e3 cxd4 7. exd4 d5 8. Be2 dxc4 9. Bxc4 Bg4 10. Be3 Nbd7 11. h3 Bxf3 12. Qxf3 Nb6 13. Bb3 Qd7 14. 0-0 Rfd8 15. Rfd1 Nbd5 16. Nxd5 Nxd5 17. Rac1 e6 18. Bxd5 Qxd5 19. Qxd5 Rxd5 20. Rc7 b6 21. Rd2 a6 22. Rc6 b5 23. Kf1 a5 24. Rc5 Rad8 25. Rxd5 Rxd5 26. Ke2 Kf8 27. Kd3 Ke7 28. Rc2 Kd7 29. b3 Bf8 30. Bf4 Bd6 31. Bxd6 Kxd6 32. Rc8 b4 33. Rd8+ Kc6 34. Rc8+ Kd7 35. Rc4 h5 36. h4 f6 37. g3 g5 38. hxg5 fxg5 39. Ke3 h4 40. Rc1 Rf5 41. Rh1 hxg3 42. fxg3 g4 43. Ke4 Rf2 44. Ra1 Rf3 45. Rg1 Kd6 46. Rg2 Rf5 47. Rc2 Rd5 48. Rf2 Rh5 49. Rc2 Rf5 50. Rh2 Rf3 51. Rg2 Ke7 52. d5 Kd6 53. dxe6 Kxe6 54. Kd4 Kd6 55. Kc4 Kc6 56. Rh2 Rc3+ 57. Kd4 Rxg3 58. Rh6+ Kd7 59. Ra6 Rc3 60. Rxa5 g3 61. Rg5 Ke6 62. Ke4 Kd6 1/2-1/2

[Event "Sao Paulo op-A 2nd"]
[Site "Sao Paulo"]
[Date "2015.02.05"]
[Round "1"]
[White "Gotz, Klaus Seiji Furucho"]
[Black "Carneiro, Vitor Roberto Castr"]
[Result "0-1"]
[WhiteElo "2157"]
[BlackElo "2296"]
[PlyCount "80"]
[EventDate "2015.02.05"]
[EventType "swiss"]
[EventRounds "6"]
[EventCountry "BRA"]
[SourceTitle "CBM 164 Extra"]
[Source "ChessBase"]
[SourceDate "2015.03.02"]
[SourceVersion "1"]
[SourceVersionDate "2015.03.02"]
[SourceQuality "1"]

1. d4 g6 2. c4 Bg7 3. Nc3 d6 4. e4 Nc6 5. Be3 e5 6. d5 Nce7 7. c5 f5 8. Bb5+ Kf8 9. f3 Bh6 10. Bf2 Nf6 11. Bd3 Kg7 12. Nge2 fxe4 13. Bxe4 Nxe4 14. fxe4 Rf8 15. 0-0 Ng8 16. a4 Nf6 17. h3 Nh5 18. Qd3 g5 19. g4 Nf4 20. Nxf4 gxf4 21. cxd6 cxd6 22. Qf3 Bg5 23. Nb5 a6 24. Na3 Rb8 25. Nc4 b5 26. axb5 Rxb5 27. Rfc1 Kh8 28. Rc2 Be7 29. Rac1 Bd7 30. Qa3 h5 31. gxh5 f3 32. Kh2 Bxh3 33. Rc3 Bg2 34. Rg1 Bh4 35. Qxd6 Qxd6 36. Nxd6 Bxf2 37. Rb1 Rf4 38. Nf5 Rxf5 39. exf5 Rb4 40. Rc8+ Kh7 0-1

[Event "Florianopolis op"]
[Site "Florianopolis"]
[Date "2015.01.18"]
[Round "9"]
[White "Abdalla, Luiz Guilherme"]
[Black "Gotz, Klaus Seiji Furucho"]
[Result "0-1"]
[WhiteElo "2304"]
[BlackElo "2143"]
[PlyCount "114"]
[EventDate "2015.01.14"]
[EventType "swiss"]
[EventRounds "10"]
[EventCountry "BRA"]
[SourceTitle "CBM 164 Extra"]
[Source "ChessBase"]
[SourceDate "2015.03.02"]
[SourceVersion "1"]
[SourceVersionDate "2015.03.02"]
[SourceQuality "1"]

1. d4 Nf6 2. c4 g6 3. Nc3 Bg7 4. e4 d6 5. Nf3 0-0 6. Be2 e5 7. 0-0 c6 8. Qc2 exd4 9. Nxd4 Re8 10. Rd1 a5 11. Bf4 Qe7 12. Bf3 Nbd7 13. Rd2 Ne5 14. Be2 Be6 15. b3 Rad8 16. Nxe6 Qxe6 17. Rad1 Bf8 18. Be3 Ned7 19. f3 Nh5 20. f4 Nhf6 21. Bf3 Ng4 22. Bd4 h5 23. h3 Bh6 24. hxg4 hxg4 25. Be2 Bxf4 26. Rd3 Ne5 27. Bxe5 Bxe5 28. g3 Kg7 29. Bf1 Rh8 30. c5 Rh6 31. Qg2 Bxc3 32. Rxc3 Qe5 33. Qd2 Rdh8 34. Qd4 Rh1+ 35. Kf2 R8h2+ 36. Ke3 Qxd4+ 37. Kxd4 dxc5+ 38. Kxc5 Rf2 39. Be2 Rh5+ 40. Kb6 Rxe2 41. Kxb7 Rxe4 42. Kxc6 Rf5 43. Rdd3 Re6+ 44. Kc7 Ref6 45. Rd4 Rf3 46. Rc5 R6f5 47. Rdd5 Rxd5 48. Rxd5 Rxg3 49. Rxa5 Rc3+ 50. Kd6 g3 51. b4 f5 52. Rd5 g2 53. Rd1 Ra3 54. b5 Rxa2 55. Kc7 Rb2 56. b6 f4 57. b7 f3 0-1

[Event "Florianopolis op"]
[Site "Florianopolis"]
[Date "2015.01.17"]
[Round "8"]
[White "Salama, Andre Sasson"]
[Black "Gotz, Klaus Seiji Furucho"]
[Result "0-1"]
[WhiteElo "1997"]
[BlackElo "2143"]
[PlyCount "64"]
[EventDate "2015.01.14"]
[EventType "swiss"]
[EventRounds "10"]
[EventCountry "BRA"]
[SourceTitle "CBM 164 Extra"]
[Source "ChessBase"]
[SourceDate "2015.03.02"]
[SourceVersion "1"]
[SourceVersionDate "2015.03.02"]
[SourceQuality "1"]

1. e4 c5 2. Nf3 g6 3. g3 Bg7 4. Bg2 Nc6 5. 0-0 e5 6. d3 Nge7 7. c3 0-0 8. Be3 d6 9. d4 exd4 10. cxd4 Bg4 11. dxc5 Bxb2 12. Nbd2 Bxa1 13. Qxa1 f6 14. Qb2 dxc5 15. Qxb7 Qb6 16. Rb1 Qxb7 17. Rxb7 Rab8 18. Rxb8 Rxb8 19. Bxc5 Rb2 20. Bf1 Be6 21. a4 Rc2 22. Be3 Kf7 23. Kg2 Nc8 24. Bb5 Nb6 25. Ne1 Rc1 26. Nd3 Rc3 27. Nb1 Rc2 28. Na3 Ra2 29. Bc5 Na5 30. Kf3 Nb3 31. Bb4 a5 32. Bd6 Nc8 0-1

[Event "Sao Paulo Hebraica op 17th"]
[Site "Sao Paulo"]
[Date "2014.01.11"]
[Round "4"]
[White "Gotz, Klaus Seiji Furucho"]
[Black "Quintiliano Pinto, Renato Rodrigues"]
[Result "1/2-1/2"]
[WhiteElo "2106"]
[BlackElo "2343"]
[PlyCount "53"]
[EventDate "2014.01.09"]
[EventType "swiss"]
[EventRounds "6"]
[EventCountry "BRA"]
[SourceTitle "CBM 158 Extra"]
[Source "ChessBase"]
[SourceDate "2014.02.28"]
[SourceVersion "1"]
[SourceVersionDate "2014.02.28"]
[SourceQuality "1"]

1. d4 d5 2. c4 e6 3. Nf3 c6 4. e3 Nd7 5. Nbd2 Ngf6 6. b3 Bd6 7. Bb2 0-0 8. Bd3 b6 9. 0-0 Bb7 10. Ne5 c5 11. f4 cxd4 12. exd4 Rc8 13. f5 exf5 14. Bxf5 Rc7 15. cxd5 Nxe5 16. dxe5 Bc5+ 17. Kh1 Nxd5 18. Ne4 Ne3 19. Bxh7+ Kxh7 20. Qh5+ Kg8 21. Nf6+ gxf6 22. Rf3 Bxf3 23. gxf3 Nf5 24. Qg4+ Kh8 25. Qh5+ Kg8 26. Qg4+ Kh8 27. Qh5+ 1/2-1/2

[Event "Mogi das Cruzes op 09"]
[Site "Mogi das Cruzes"]
[Date "2013.09.26"]
[Round "1"]
[White "Queiroz, Stella Becker"]
[Black "Gotz, Klaus Seiji Furucho"]
[Result "0-1"]
[WhiteElo "1601"]
[BlackElo "2112"]
[PlyCount "76"]
[EventDate "2013.09.26"]
[EventType "swiss"]
[EventRounds "7"]
[EventCountry "BRA"]
[SourceTitle "CBM 156 Extra"]
[Source "ChessBase"]
[SourceDate "2013.10.22"]
[SourceVersion "1"]
[SourceVersionDate "2013.10.22"]
[SourceQuality "1"]

1. e4 c5 2. Nf3 g6 3. d4 cxd4 4. Nxd4 Bg7 5. c4 Nc6 6. Be3 Nf6 7. Nc3 Ng4 8. Qxg4 Nxd4 9. Qd1 e5 10. Be2 0-0 11. 0-0 d6 12. Nd5 f5 13. exf5 Bxf5 14. Qd2 Qd7 15. f3 Be6 16. Nc3 Rac8 17. b3 a6 18. Rac1 Rb8 19. Bd3 b5 20. cxb5 axb5 21. Ne2 Nxe2+ 22. Bxe2 d5 23. Rc5 Rfc8 24. Rfc1 Rxc5 25. Rxc5 Bf8 26. Rc2 d4 27. Bf2 Bd6 28. Bg3 Qe7 29. Bd3 Bd7 30. Qe2 Qg5 31. Qe4 Kg7 32. Qd5 Qe3+ 33. Rf2 Rb6 34. Qe4 Bf5 35. Qa8 Bxd3 36. Qa7+ Kg8 37. Qxb6 Qe1+ 38. Rf1 Qxf1# 0-1

[Event "Sao Paulo IRT op 3rd"]
[Site "Sao Paulo"]
[Date "2013.09.08"]
[Round "6"]
[White "Santos, Marcus Vinicius M"]
[Black "Gotz, Klaus Seiji Furucho"]
[Result "1-0"]
[WhiteElo "2301"]
[BlackElo "2112"]
[PlyCount "117"]
[EventDate "2013.09.06"]
[EventType "swiss"]
[EventRounds "6"]
[EventCountry "BRA"]
[SourceTitle "CBM 156 Extra"]
[Source "ChessBase"]
[SourceDate "2013.10.22"]
[SourceVersion "1"]
[SourceVersionDate "2013.10.22"]
[SourceQuality "1"]

1. e4 c5 2. Nf3 g6 3. d4 cxd4 4. Nxd4 Bg7 5. Nc3 Nc6 6. Be3 Nf6 7. f3 0-0 8. g4 Qb6 9. Rb1 Nxe4 10. fxe4 Bxd4 11. Nd5 Qc5 12. b4 Nxb4 13. Bxd4 Nxc2+ 14. Qxc2 Qxd4 15. Nxe7+ Kg7 16. Qb2 Qxb2 17. Rxb2 Re8 18. Nxc8 Rxe4+ 19. Re2 Rxe2+ 20. Bxe2 Rxc8 21. Kd2 f6 22. Bf3 b6 23. Re1 Kf8 24. Kd3 Rc5 25. Re2 Ra5 26. Kd4 Ra3 27. Be4 Ra5 28. h4 Kg7 29. Rg2 Kf7 30. Bc2 Ke7 31. Re2+ Kd6 32. Bb3 h5 33. Rf2 Ke7 34. Rg2 hxg4 35. Rxg4 Rh5 36. Bc2 g5 37. hxg5 fxg5 38. Ke5 Rh2 39. Bb3 Re2+ 40. Kf5 Kd6 41. Rd4+ Kc6 42. Ra4 a5 43. Rc4+ Kd6 44. a4 Rb2 45. Rd4+ Kc6 46. Bc4 Kc5 47. Rg4 Rb4 48. Bb5 Rxb5 49. axb5 Kxb5 50. Ke5 a4 51. Kd4 Kb4 52. Kd3+ Kb3 53. Rxg5 Kb4 54. Rd5 b5 55. Kc2 d6 56. Kb2 a3+ 57. Ka2 Ka4 58. Rxd6 b4 59. Rd4 1-0

[Event "Pan American-ch U16 24th"]
[Site "Pocos de Caldas"]
[Date "2013.07.31"]
[Round "9.4"]
[White "Gotz, Klaus Seiji Furucho"]
[Black "Lopez Gonzalez, Abel Fabian"]
[Result "0-1"]
[WhiteElo "2097"]
[BlackElo "2216"]
[PlyCount "44"]
[EventDate "2013.07.25"]
[EventType "swiss"]
[EventRounds "9"]
[EventCountry "BRA"]
[SourceTitle "EXT 2016"]
[Source "ChessBase"]
[SourceDate "2015.10.08"]
[SourceVersion "1"]
[SourceVersionDate "2015.10.08"]
[SourceQuality "1"]

1. d4 Nf6 2. c4 g6 3. Nc3 Bg7 4. e4 d6 5. Be2 0-0 6. Bg5 Na6 7. h4 e5 8. d5 h6 9. Be3 c6 10. h5 cxd5 11. cxd5 Nc5 12. Qc2 Qa5 13. Bd2 Qb6 14. hxg6 fxg6 15. Bf3 g5 16. Be3 Bd7 17. g3 Rac8 18. Nge2 Bg4 19. Bg2 Qxb2 20. Qxb2 Nd3+ 21. Kd2 Nxb2 22. Bxa7 Nd7 0-1

[Event "Pan American-ch U16 24th"]
[Site "Pocos de Caldas"]
[Date "2013.07.30"]
[Round "7.1"]
[White "Gotz, Klaus Seiji Furucho"]
[Black "De Sousa, Matheus Mazim"]
[Result "1-0"]
[WhiteElo "2097"]
[BlackElo "1956"]
[PlyCount "115"]
[EventDate "2013.07.25"]
[EventType "swiss"]
[EventRounds "9"]
[EventCountry "BRA"]
[SourceTitle "EXT 2016"]
[Source "ChessBase"]
[SourceDate "2015.10.08"]
[SourceVersion "1"]
[SourceVersionDate "2015.10.08"]
[SourceQuality "1"]

1. d4 Nf6 2. c4 e6 3. Nf3 d5 4. Nc3 Be7 5. cxd5 exd5 6. Bg5 c6 7. Qc2 g6 8. e3 Bf5 9. Bd3 Bxd3 10. Qxd3 0-0 11. Bxf6 Bxf6 12. b4 Nd7 13. 0-0 b5 14. a4 a6 15. a5 Be7 16. Na2 Bd6 17. Qc3 Rc8 18. Nc1 Qe7 19. Nd3 Nf6 20. Rac1 Ne4 21. Qb2 Ng5 22. Nxg5 Qxg5 23. Rc3 Rc7 24. Rfc1 Rfc8 25. h3 Qe7 26. R1c2 Kg7 27. Kf1 Kf8 28. g3 g5 29. Ke2 h5 30. Kd2 Qe6 31. Qc1 Qe7 32. Rb3 Qe6 33. Rbc3 Qe7 34. Rb2 Qe6 35. Qf1 Ke8 36. Kc2 Kd7 37. Kb3 Rg8 38. Rbc2 h4 39. g4 f5 40. Qg2 Qe4 41. f3 Qe6 42. gxf5 Qxf5 43. e4 Qe6 44. e5 Be7 45. Rf2 Rf8 46. f4 gxf4 47. Rxf4 Rxf4 48. Nxf4 Qf5 49. Nd3 Rc8 50. Qg7 Rc7 51. Nc5+ Kd8 52. Qg8+ Bf8 53. Rc2 Rf7 54. e6 Rg7 55. Qh8 Rh7 56. e7+ Kxe7 57. Re2+ Kd8 58. Ne6+ 1-0

[Event "Sao Paulo Braga Memorial 2nd"]
[Site "Sao Paulo"]
[Date "2013.07.12"]
[Round "8"]
[White "Gotz, Klaus Seiji Furucho"]
[Black "Abdalla, Luiz Guilherme"]
[Result "0-1"]
[WhiteElo "2097"]
[BlackElo "2263"]
[PlyCount "72"]
[EventDate "2013.07.05"]
[EventType "swiss"]
[EventRounds "9"]
[EventCountry "BRA"]
[SourceTitle "CBM 155 Extra"]
[Source "ChessBase"]
[SourceDate "2013.08.26"]
[SourceVersion "1"]
[SourceVersionDate "2013.08.26"]
[SourceQuality "1"]

1. d4 d5 2. c4 e6 3. Nf3 c6 4. e3 f5 5. Bd3 Nf6 6. Nc3 Bd6 7. Qc2 Ne4 8. Ne5 0-0 9. 0-0 Qc7 10. f3 Nxc3 11. Qxc3 b6 12. b3 Bb7 13. Bb2 Nd7 14. e4 Nxe5 15. dxe5 Bc5+ 16. Kh1 fxe4 17. b4 Bxb4 18. Qxb4 exd3 19. cxd5 c5 20. Qc4 Bxd5 21. Qxd3 Rad8 22. Qe3 Qe7 23. Rfd1 Bxa2 24. Rdc1 Bd5 25. Ra4 Qb7 26. Rg4 Rd7 27. Rf1 Qa6 28. Kg1 Qb5 29. Bc1 a5 30. Qf2 a4 31. Qg3 Bc4 32. Re1 Bd3 33. h4 Bf5 34. Rg5 Qb3 35. Kh2 a3 36. Re3 Bd3 0-1

[Event "Sao Paulo Braga Memorial 2nd"]
[Site "Sao Paulo"]
[Date "2013.07.11"]
[Round "7"]
[White "Gotz, Klaus Seiji Furucho"]
[Black "Tsuboi, Edson Kenji"]
[Result "1-0"]
[WhiteElo "2097"]
[BlackElo "2287"]
[PlyCount "57"]
[EventDate "2013.07.05"]
[EventType "swiss"]
[EventRounds "9"]
[EventCountry "BRA"]
[SourceTitle "CBM 155 Extra"]
[Source "ChessBase"]
[SourceDate "2013.08.26"]
[SourceVersion "1"]
[SourceVersionDate "2013.08.26"]
[SourceQuality "1"]

1. d4 Nf6 2. c4 e6 3. Nf3 c5 4. d5 d6 5. Nc3 exd5 6. cxd5 g6 7. Bf4 a6 8. a4 Bg7 9. h3 0-0 10. e3 Re8 11. Nd2 Nbd7 12. Be2 Ne5 13. 0-0 Nfd7 14. Rb1 f5 15. Qc2 b6 16. b4 Ra7 17. bxc5 bxc5 18. Rb3 Qa5 19. e4 c4 20. Bxc4 Nc5 21. Ra3 Qb4 22. Qa2 Nxc4 23. Nxc4 Nxe4 24. Nxe4 Rxe4 25. Nxd6 Rxf4 26. Nxc8 Rf7 27. d6 Rd4 28. Qe6 Qxa3 29. Ne7+ 1-0

[Event "Sao Paulo Braga Memorial 2nd"]
[Site "Sao Paulo"]
[Date "2013.07.09"]
[Round "5"]
[White "Gotz, Klaus Seiji Furucho"]
[Black "Moura de Lima, Wilian Rither De"]
[Result "1-0"]
[WhiteElo "2097"]
[BlackElo "1948"]
[PlyCount "141"]
[EventDate "2013.07.05"]
[EventType "swiss"]
[EventRounds "9"]
[EventCountry "BRA"]
[SourceTitle "CBM 155 Extra"]
[Source "ChessBase"]
[SourceDate "2013.08.26"]
[SourceVersion "1"]
[SourceVersionDate "2013.08.26"]
[SourceQuality "1"]

1. d4 c6 2. c4 d5 3. Nf3 Nf6 4. e3 Bf5 5. cxd5 cxd5 6. Nc3 Nc6 7. Ne5 e6 8. g4 Be4 9. f3 Bg6 10. h4 h5 11. Nxg6 fxg6 12. g5 Nd7 13. Bd3 Ne7 14. e4 Qc7 15. Ne2 dxe4 16. fxe4 e5 17. d5 Nc8 18. 0-0 Bc5+ 19. Kg2 Nd6 20. Bd2 Nf7 21. Rc1 Qd8 22. Bb5 Be7 23. Qa4 Nd6 24. Ba5 b6 25. Bxb6 Qxb6 26. Bxd7+ Kd8 27. Be6 Qb5 28. Qxb5 Nxb5 29. Rc2 Nd6 30. Rfc1 Ke8 31. Ng3 Bd8 32. Rc6 Ke7 33. b3 Rf8 34. Rf1 Rh8 35. Rc3 Bb6 36. Rcf3 Rhf8 37. Rxf8 Rxf8 38. Rxf8 Kxf8 39. Kf3 Ba5 40. Ke2 Nb5 41. Nf1 Nd4+ 42. Kf2 Bb6 43. Kg2 Nxe6 44. dxe6 Ke7 45. Nd2 Kxe6 46. Nf3 Kd6 47. Kf1 Bc7 48. Ke2 Kc5 49. a3 Kb6 50. Kd3 Kb5 51. Kc3 a5 52. a4+ Kc5 53. Ne1 Kd6 54. Kc4 Bb6 55. Kb5 Bf2 56. Nf3 Bd4 57. Nxd4 exd4 58. Kc4 Ke5 59. Kd3 Kf4 60. Kxd4 Kg4 61. e5 Kxh4 62. e6 Kxg5 63. e7 Kg4 64. e8Q g5 65. Qe2+ Kh4 66. Ke4 g4 67. Kf4 g5+ 68. Kf5 Kh3 69. Kxg5 g3 70. Qxh5+ Kg2 71. Kf4 1-0

[Event "Sao Paulo Braga Memorial 2nd"]
[Site "Sao Paulo"]
[Date "2013.07.08"]
[Round "4"]
[White "Carstens Dobuchak, Thiago"]
[Black "Gotz, Klaus Seiji Furucho"]
[Result "1/2-1/2"]
[WhiteElo "1835"]
[BlackElo "2097"]
[PlyCount "126"]
[EventDate "2013.07.05"]
[EventType "swiss"]
[EventRounds "9"]
[EventCountry "BRA"]
[SourceTitle "CBM 155 Extra"]
[Source "ChessBase"]
[SourceDate "2013.08.26"]
[SourceVersion "1"]
[SourceVersionDate "2013.08.26"]
[SourceQuality "1"]

1. e4 c5 2. Nf3 g6 3. Bc4 Bg7 4. c3 d6 5. d4 cxd4 6. cxd4 Nf6 7. Nc3 0-0 8. Bb3 Nc6 9. h3 e5 10. 0-0 Nh5 11. Be3 Nf4 12. dxe5 dxe5 13. Qxd8 Rxd8 14. Ng5 Be6 15. Nxe6 Nxe6 16. Bxe6 fxe6 17. Nb5 Rd7 18. Rfd1 Nd4 19. Kf1 a6 20. Nc3 Rad8 21. Bg5 Rc8 22. Na4 Rc2 23. Rac1 Rdc7 24. Rxc2 Rxc2 25. Rc1 Rxc1+ 26. Bxc1 Bf8 27. Nb6 Kf7 28. Ke1 Bc5 29. Nd7 Bd6 30. Bg5 b5 31. Kd2 Nc6 32. a3 Na5 33. Kc3 Nc4 34. g3 Kg7 35. f4 Kf7 36. fxe5 Nxe5 37. Bf4 Nxd7 38. Bxd6 e5 39. Kb4 Ke6 40. Bc7 Nf6 41. Ka5 Nxe4 42. Kxa6 Nxg3 43. Kxb5 Nf5 44. a4 e4 45. a5 Kd7 46. Bf4 e3 47. a6 e2 48. Bd2 Kc8 49. Kc4 Kb8 50. b4 Ka7 51. b5 Nd6+ 52. Kb4 Ne4 53. Be1 Kb6 54. h4 h6 55. Kc4 Nd6+ 56. Kd3 Nxb5 57. Kxe2 Kxa6 58. Bd2 h5 59. Kf3 Nd6 60. Kf4 Nf7 61. Ke4 Nd6+ 62. Ke5 Nf5 63. Bg5 Nxh4 1/2-1/2

[Event "FENAJ-ch U16"]
[Site "Brazil"]
[Date "2013.05.30"]
[Round "1"]
[White "Silva, Leandro da Nobrega"]
[Black "Gotz, Klaus Seiji Furucho"]
[Result "0-1"]
[WhiteElo "1776"]
[BlackElo "2095"]
[PlyCount "116"]
[EventDate "2013.05.30"]
[EventType "swiss"]
[EventRounds "6"]
[EventCountry "BRA"]
[SourceTitle "EXT 2015"]
[Source "ChessBase"]
[SourceDate "2014.11.20"]
[SourceVersion "1"]
[SourceVersionDate "2014.11.20"]
[SourceQuality "1"]

1. e4 c5 2. Nf3 a6 3. d3 b5 4. b3 d6 5. g3 Nd7 6. Bg2 Bb7 7. Nbd2 Ngf6 8. Bb2 g6 9. 0-0 Bg7 10. Qe2 0-0 11. Rab1 Qc7 12. e5 dxe5 13. Nxe5 Bxg2 14. Kxg2 Nb6 15. Nef3 Rac8 16. c4 Rfd8 17. Kg1 Qd6 18. Rfe1 e6 19. Bxf6 Bxf6 20. Ne4 Qe7 21. Nxf6+ Qxf6 22. Ne5 b4 23. Qe4 Nd7 24. Nc6 Re8 25. Ne5 Nxe5 26. Qxe5 Qxe5 27. Rxe5 Red8 28. Re3 Rc6 29. Rd1 f6 30. f4 Kf7 31. g4 Rd4 32. Re4 Rcd6 33. Rxd4 Rxd4 34. Kg2 Rxf4 35. Kg3 e5 36. h4 Rd4 37. Kh3 e4 38. Kg3 Rxd3+ 39. Rxd3 exd3 40. Kf2 Ke6 41. Ke3 Ke5 42. h5 d2 43. Kxd2 Kf4 44. Ke2 Kxg4 45. Kf2 Kxh5 46. Kg3 Kg5 47. Kh3 f5 48. Kg3 f4+ 49. Kf3 Kf5 50. Kf2 g5 51. Kf3 g4+ 52. Kg2 h5 53. Kg1 f3 54. Kf2 Kf4 55. a4 bxa3 56. b4 g3+ 57. Kg1 a2 58. bxc5 a1Q# 0-1

[Event "South America-ch U20"]
[Site "Asuncion"]
[Date "2013.05.17"]
[Round "1"]
[White "Vazquez, Guillermo"]
[Black "Gotz, Klaus Seiji Furucho"]
[Result "1/2-1/2"]
[WhiteElo "2353"]
[BlackElo "2095"]
[PlyCount "81"]
[EventDate "2013.05.17"]
[EventType "swiss"]
[EventRounds "9"]
[EventCountry "PAR"]
[SourceTitle "CBM 154 Extra"]
[Source "ChessBase"]
[SourceDate "2013.06.25"]
[SourceVersion "2"]
[SourceVersionDate "2013.06.25"]
[SourceQuality "1"]

1. d4 Nf6 2. c4 g6 3. Nc3 Bg7 4. e4 d6 5. Nf3 0-0 6. Be2 e5 7. 0-0 Nc6 8. d5 Ne7 9. Ne1 Ne8 10. Be3 f5 11. f3 f4 12. Bf2 g5 13. c5 Ng6 14. Rc1 Rf7 15. Nd3 Nf6 16. Nb5 g4 17. cxd6 cxd6 18. fxg4 Nxe4 19. Bf3 Nxf2 20. Nxf2 Qb6 21. Na3 Bf8 22. Nc4 Qd8 23. b4 Rg7 24. Ne4 Nh4 25. Kh1 h5 26. gxh5 Nf5 27. Qe1 Bd7 28. Rg1 Rc8 29. g4 Nd4 30. Ncd2 Rxc1 31. Qxc1 Nxf3 32. Nxf3 Bxg4 33. Nfg5 Bxh5 34. Qc3 Bf7 35. Qc8 Qe7 36. Qc4 a6 37. a4 Be8 38. Qc8 Bf7 39. Qc4 Be8 40. Qc8 Bf7 41. Qc4 1/2-1/2

[Event "BRA-ch 79th"]
[Site "Montenegro"]
[Date "2013.03.04"]
[Round "9"]
[White "Barbosa, Evandro Amorim"]
[Black "Gotz, Klaus Seiji Furucho"]
[Result "1-0"]
[WhiteElo "2422"]
[BlackElo "2081"]
[PlyCount "113"]
[EventDate "2013.02.25"]
[EventType "tourn"]
[EventRounds "11"]
[EventCountry "BRA"]
[SourceTitle "CBM 153 Extra"]
[Source "ChessBase"]
[SourceDate "2013.04.22"]
[SourceVersion "1"]
[SourceVersionDate "2013.04.22"]
[SourceQuality "1"]

1. d4 Nf6 2. c4 g6 3. Nc3 Bg7 4. e4 d6 5. Nf3 0-0 6. Be2 e5 7. d5 a5 8. Bg5 h6 9. Bh4 Na6 10. Nd2 Qe8 11. 0-0 Bd7 12. b3 h5 13. a3 Nh7 14. f3 Bh6 15. Rb1 Qb8 16. Kh1 Qa7 17. Rb2 Qd4 18. Qc2 Bxd2 19. Qxd2 Qxd2 20. Rxd2 Nc5 21. Bd1 f5 22. exf5 Bxf5 23. b4 axb4 24. axb4 Na6 25. Na2 Rf7 26. Be2 Raf8 27. Bf2 g5 28. c5 Nb8 29. Nc3 Nf6 30. Nb5 Ne8 31. Be3 g4 32. Bh6 Ng7 33. cxd6 c6 34. dxc6 bxc6 35. Nc3 Be6 36. Ne4 gxf3 37. gxf3 Kh7 38. Be3 Rb7 39. Bc5 Nd7 40. Rg1 Kh8 41. Ba6 Rbb8 42. Rdg2 Rxf3 43. Rxg7 Bd5 44. R7g5 Nf6 45. Nxf6 Rxf6+ 46. R1g2 Bxg2+ 47. Kxg2 Ra8 48. Rxh5+ Kg7 49. d7 Rf7 50. Bc8 Ra2+ 51. Kh3 Rd2 52. Rxe5 Kf6 53. Re6+ Kf5 54. Re7 Kg6 55. Rxf7 Kxf7 56. Bb6 Ke7 57. d8Q+ 1-0